| 000 | 01040nam a22002897a 4500 | ||
|---|---|---|---|
| 001 | 6061 | ||
| 003 | FISKH | ||
| 005 | 20250305084952.0 | ||
| 008 | 250305b cb ||||| |||| 00| 0 eng d | ||
| 020 | _a9780545338707 | ||
| 040 |
_aFISKH _beng _cFISKH _dFISKH |
||
| 050 | _aPZ7.B9759 T | ||
| 082 | _a544 | ||
| 100 |
_aButler, hillestad dori _d(1965-) |
||
| 245 |
_aThe truth about truman school / _cDori hillestad butler |
||
| 250 | _aThis edition first published in 2011 | ||
| 260 |
_aNew York : _bScholastic, _c2008. |
||
| 300 |
_a170 pages : _c20 cm |
||
| 505 | _aP | ||
| 520 | _aTired of being told what to write by the school newspaper's advisor, Zibby and her friend Amr start an underground newspaper online where everyone is free to post anything, but things spiral out of control when a cyberbully starts using the site to harrass one popular girl. | ||
| 521 | 8 |
_a640
_bLexile |
|
| 521 | 8 |
_aP
_bRaz-Plus |
|
| 650 |
_2Bullying _aRealistic |
||
| 650 |
_2Gossip _aJournalism |
||
| 942 |
_2ddc _cBK _n0 |
||
| 999 |
_c6061 _d6061 |
||